Top 5 Songs On The College Dropout (Kanye West) - Statistics

General Stats
  • This quiz has been taken 250 times
  • The average score is 4 of 5
Answer Stats
Hint Answer % Correct
399,744,112 All Falls Down
97%
229,951,340 Through The Wire
87%
197,297,214 Jesus Walks
78%
138,850,659 Slow Jamz
76%
75,470,933 Family Business
57%
No matching quizzes found
Score Distribution
Percent of People with Each Score
Percentile by Number Answered
Your Score History
You have not taken this quiz